|
|
|
|
| LEADER |
01419nam a2200373 a 4500 |
| 001 |
36063 |
| 003 |
BD-DhAAL |
| 005 |
20250626155028.0 |
| 008 |
191210t1998 enka b 001 0 eng |
| 010 |
|
|
|a 98014104
|
| 015 |
|
|
|a GB98-58760
|
| 020 |
|
|
|a 0415173728 (pbk.)
|
| 035 |
|
|
|a (NIC)notisARB4066
|
| 035 |
|
|
|a (OCoLC)38732141
|
| 035 |
|
|
|a 3323223
|
| 040 |
|
|
|a DLC
|c DLC
|d C#P
|d UKM
|d NIC
|d BD-DhAAL
|
| 050 |
0 |
0 |
|a HQ772
|b .C85 1998
|
| 082 |
0 |
0 |
|a 305.231
|2 21
|
| 245 |
0 |
0 |
|a Cultural worlds of early childhood /
|c edited by Martin Woodhead; Dorothy Faulkner and Karen Littleton.
|
| 260 |
|
|
|a London :
|b Routledge ;
|a New York :
|b The Open University,
|c 1998.
|
| 300 |
|
|
|a viii, 286 pages :
|b illustrations ;
|c 23 cm.
|
| 504 |
|
|
|a Includes bibliographical references and index.
|
| 526 |
|
|
|a BIED
|
| 541 |
|
|
|a Complimentary copy from BIED
|e 36063
|
| 650 |
|
0 |
|a Child development.
|9 38219
|
| 650 |
|
0 |
|a Early childhood education.
|9 38220
|
| 650 |
|
0 |
|a Social science.
|9 38221
|
| 700 |
1 |
|
|a Woodhead, Martin.
|9 38222
|
| 700 |
1 |
|
|a Faulkner, Dorothy.
|9 38223
|
| 700 |
1 |
|
|a Littleton, Karen.
|9 38224
|
| 852 |
|
|
|a Ayesha Abed Library
|c BIED Collection
|
| 942 |
|
|
|2 ddc
|c BK
|
| 999 |
|
|
|c 42034
|d 42034
|
| 952 |
|
|
|0 0
|1 0
|2 ddc
|4 0
|6 305_231000000000000_CUL
|7 0
|9 67422
|a BRACUL
|b BRACUL
|c GEN
|d 2019-12-10
|e Complimentary copy from BIED
|l 0
|o 305.231 CUL
|p 3010036063
|r 2019-12-10
|t 1
|w 2019-12-10
|y BK
|x Transferred from BIED to General Stacks
|